| 000 | 00483nam a2200193Ia 4500 | ||
|---|---|---|---|
| 005 | 20140403141944.0 | ||
| 008 | 140130s9999 xx 000 0 und d | ||
| 020 | _a0439320720 | ||
| 050 |
_aPZ 7 _b.K59 2001 |
||
| 100 |
_aKirk, David _931073 |
||
| 245 |
_cDavid Kirk. _aMiss spider's new car / |
||
| 260 |
_bScholastic, _c2001. _aUSA : |
||
| 300 |
_a30 p. : _bcol. ill. ; _c25 cm. |
||
| 440 |
_v1 _931074 |
||
| 521 | _aG3 | ||
| 526 | _c590 | ||
| 942 |
_cBK _2lcc |
||
| 999 |
_c40731 _d40731 |
||